000 00733nam a22002537a 4500
003 OSt
008 150620b xxu||||| |||| 00| 0 eng d
100 1 _aZirkle, Helen Kingsbury
041 _aeng
245 1 0 _aThe postage stamps and commemorative cancellations of Manchoukuo/Manshukoku, Manchou Tikuo, Manchukuo /
260 _aNew York
_bCollectors Club, Inc.,
300 _a0 pages
650 0 _aManchukuo
650 0 _aChina -- Manchuria
650 0 _aJapan -- Occupation of China
650 0 _aErrors and Varieties
650 0 _aProduction
650 0 _aOccupation Issues
650 0 _aOverprints and Surcharges
650 0 _aStamps
650 0 _aHistories
650 0 _aPostal Markings
650 0 _aPostal History
999 _c1588
_d1588